00317nam a2200121 a 45000010005000000030005000050050017000100080041000270400020000681000026000882450061001142600020001753130CDMR20130116135240.0130130s1972||||||||||||||||||||||||||||d aCDMRbcatcCDMR1 aMerino Curia, Antonio10aPerón ante el Justicialismo...cAntonio Merino Curiá aBarcelonac1972